000 00791nam a22002297a 4500
005 20170124110046.0
010 _aA-427501
020 _a8185218277
_c00.00
035 _aA-427501
037 _bCen Lib/Ret
040 _aDPL
_bEN
082 _a823
_bRAJ
100 _aRajrndra, Prasad V.V.N.
_924567
245 _aThe self, the family, and society in five Indian novelists :
_bRajan, Raja Rao, Narayan, Arun Joshi, Anita Desai /
_cby V.V.N.Rajrndra Prasad
260 _aNew Delhi
_bPrestige
_c1990
270 _a3/28,East Patel Nagar
_bNew Delhi
_e110008
300 _a172p.
_c21cm(Hb)
500 _aIncludes bibliographical reference and index
650 _aFamilies in literature
_924568
650 _aLiterature and society
_914610
942 _2ddc
_cEN
_h823
_mRAJ
999 _c128835
_d128835